His very own: (Record no. 5822)

000 -LEADER
fixed length control field 00641nam a2200181 a 4500
001 - CONTROL NUMBER
control field :::00003564$&:&@@
003 - CONTROL NUMBER IDENTIFIER
control field OkBaRHE
005 - DATE AND TIME OF LATEST TRANSACTION
control field 20000607103307.0
008 - FIXED-LENGTH DATA ELEMENTS--GENERAL INFORMATION
fixed length control field s1939 j 000 0 eng u
040 ## - CATALOGING SOURCE
Transcribing agency
100 1# - MAIN ENTRY--PERSONAL NAME
Personal name Harrison, Norman B. (Norman Baldwin), 1874-
245 10 - TITLE STATEMENT
Title His very own:
Remainder of title Paul's epistle to the Ephesians.
260 ## - PUBLICATION, DISTRIBUTION, ETC. (IMPRINT)
Place of publication, distribution, etc Minneapolis, MN., :
Name of publisher, distributor, etc The Harrison Service
Date of publication, distribution, etc c1939
300 ## - PHYSICAL DESCRIPTION
Extent 176 p. : charts ;
Dimensions 20 cm.
650 ## - SUBJECT ADDED ENTRY--TOPICAL TERM
Topical term or geographic name as entry element Bible New Testament Ephesians
General subdivision Criticism, Interpretation, etc.
942 ## - ADDED ENTRY ELEMENTS (KOHA)
Source of classification or shelving scheme
Koha item type Books
Copies
Shelving location Copy number Koha item type Date last seen Full call number Date acquired Barcode Damaged status Not for loan Source of classification or shelving scheme Withdrawn status Lost status Permanent Location Price effective from
General Stacks1Books2018-04-03BS 2695 .H252010-04-143564     RHEMA Bible Training College2010-04-14